[Event "43. Open Ciutat de Badalona 2017"]
[Site "Badalona ESP"]
[Date "2017.08.08"]
[Round "7.9"]
[White "Srijit, Paul"]
[Black "Narciso Dublan, Marc"]
[Result "1/2-1/2"]
[WhiteElo "2255"]
[BlackElo "2467"]
[PlyCount "51"]
[EventDate "2017.08.02"]
[EventType "swiss"]
[EventRounds "9"]
[EventCountry "ESP"]
[SourceTitle "Ajedrez en Madrid"]
[Source "lmi"]
[SourceDate "2017.08.02"]
[SourceVersion "1"]
[SourceVersionDate "2018.07.18"]
[SourceQuality "1"]

1. e4 e6 2. d4 d5 3. Nc3 dxe4 4. Nxe4 Nd7 5. Nf3 Ngf6 6. Nxf6+ Nxf6 7. Bg5 h6
8. Bh4 Be7 9. Bd3 O-O 10. Qd2 b6 11. O-O-O Bb7 12. Ne5 Nd7 13. Bxe7 Qxe7 14. f4
Rfd8 15. Rhe1 c5 16. Nxd7 Qxd7 17. dxc5 Qa4 18. a3 bxc5 19. Qe3 Rab8 20. Qe5 c4
21. Be4 Bxe4 22. Qxe4 Qb5 23. Qe5 Qb7 24. g3 Qg2 25. Rxd8+ Rxd8 26. Qe2 1/2-1/2

[Event "43. Open Ciutat de Badalona 2017"]
[Site "Badalona ESP"]
[Date "2017.08.08"]
[Round "7.10"]
[White "Gukesh, D."]
[Black "Corominas Garrido, Jordi"]
[Result "0-1"]
[WhiteElo "2365"]
[BlackElo "1848"]
[PlyCount "130"]
[EventDate "2017.08.02"]
[EventType "swiss"]
[EventRounds "9"]
[EventCountry "ESP"]
[SourceTitle "Ajedrez en Madrid"]
[Source "lmi"]
[SourceDate "2017.08.02"]
[SourceVersion "1"]
[SourceVersionDate "2018.07.18"]
[SourceQuality "1"]

1. Nf3 Nf6 2. g3 d5 3. Bg2 e6 4. O-O Be7 5. d4 O-O 6. c4 c6 7. Nbd2 b6 8. Qc2
Bb7 9. e4 Na6 10. b3 c5 11. exd5 exd5 12. Bb2 Nb4 13. Qb1 dxc4 14. bxc4 cxd4
15. Bxd4 Nc6 16. Bc3 Ng4 17. Ne4 f5 18. Rd1 Qc7 19. Neg5 Bc5 20. Rd2 Rae8 21.
Nh4 Nce5 22. Nxf5 g6 23. Nd4 Bxg2 24. Kxg2 Qb7+ 25. Qe4 Qxe4+ 26. Nxe4 Nxc4 27.
Re2 Nge3+ 28. fxe3 Rxe4 29. Rae1 Rfe8 30. Kf3 h5 31. Nb3 Rxe3+ 32. Rxe3 Rxe3+
33. Rxe3 Bxe3 34. h3 Kf7 35. g4 Ke6 36. gxh5 gxh5 37. Ke4 Bf2 38. Nc1 Nd6+ 39.
Kf3 Bh4 40. Ne2 Kf5 41. Nd4+ Kg6 42. Ne6 Kf5 43. Ng7+ Kg6 44. Ne6 Bg5 45. a4
Bc1 46. Bb4 Nf7 47. a5 bxa5 48. Bxa5 Kf6 49. Nd4 Ng5+ 50. Kg2 Be3 51. Nb5 Ke5
52. Kg3 Ne4+ 53. Kf3 Bc5 54. Be1 Kf5 55. Ba5 Ng5+ 56. Kg3 Ne6 57. Kf3 Nf4 58.
h4 Ng6 59. Be1 Ne5+ 60. Ke2 Kg4 61. Nc7 Nf3 62. Nb5 Nxe1 63. Kxe1 Kxh4 64. Kf1
Kg3 65. Nc3 Kf3 0-1

[Event "43. Open Ciutat de Badalona 2017"]
[Site "Badalona ESP"]
[Date "2017.08.09"]
[Round "8.1"]
[White "Ahmed, Sk. Nasir"]
[Black "Krysa, Leandro"]
[Result "1/2-1/2"]
[WhiteElo "2311"]
[BlackElo "2537"]
[PlyCount "129"]
[EventDate "2017.08.02"]
[EventType "swiss"]
[EventRounds "9"]
[EventCountry "ESP"]
[SourceTitle "Ajedrez en Madrid"]
[Source "lmi"]
[SourceDate "2017.08.02"]
[SourceVersion "1"]
[SourceVersionDate "2018.07.18"]
[SourceQuality "1"]

1. Nf3 Nf6 2. c4 c5 3. d4 cxd4 4. Nxd4 e6 5. Nc3 Bb4 6. g3 Qc7 7. Qd3 Nc6 8.
Ndb5 Qa5 9. Bf4 O-O 10. Bg2 a6 11. Nd6 Ng4 12. Bxc6 dxc6 13. h3 Ne5 14. Bxe5
Qxe5 15. Nxc8 Raxc8 16. Rd1 Ba5 17. O-O Rcd8 18. Qc2 Bxc3 19. bxc3 h5 20. h4 b5
21. cxb5 cxb5 22. e3 Rxd1 23. Rxd1 Rc8 24. Rd4 g6 25. a4 Kg7 26. axb5 Qxb5 27.
c4 Qb4 28. Qd3 e5 29. Re4 Qc5 30. Qd5 Qxd5 31. cxd5 Kf6 32. Ra4 Ra8 33. e4 Ke7
34. Kf1 Kd6 35. Ke2 Kc5 36. Kd3 a5 37. f4 f6 38. Rc4+ Kb5 39. Rc6 a4 40. Kc2 a3
41. Kb1 a2+ 42. Ka1 Ra4 43. Rxf6 Rxe4 44. fxe5 Rxe5 45. d6 Rd5 46. Rxg6 Kc6 47.
Kxa2 Rxd6 48. Rg8 Rd5 49. Kb3 Kd7 50. Kc4 Ra5 51. Kd4 Ke6 52. Ke4 Kf6 53. Rf8+
Kg6 54. Re8 Ra4+ 55. Kf3 Ra1 56. Rg8+ Kh6 57. Rd8 Rf1+ 58. Ke2 Rg1 59. Rd6+ Kg7
60. Kf3 Ra1 61. Re6 Ra4 62. Re4 Ra5 63. Kf4 Kf6 64. Rd4 Rf5+ 65. Ke4 1/2-1/2

[Event "43. Open Ciutat de Badalona 2017"]
[Site "Badalona ESP"]
[Date "2017.08.09"]
[Round "8.2"]
[White "Salinas Herrera, Pablo"]
[Black "Grigoryan, Karen H."]
[Result "0-1"]
[WhiteElo "2411"]
[BlackElo "2570"]
[PlyCount "42"]
[EventDate "2017.08.02"]
[EventType "swiss"]
[EventRounds "9"]
[EventCountry "ESP"]
[SourceTitle "Ajedrez en Madrid"]
[Source "lmi"]
[SourceDate "2017.08.02"]
[SourceVersion "1"]
[SourceVersionDate "2018.07.18"]
[SourceQuality "1"]

1. e4 c5 2. Nf3 Nc6 3. d4 cxd4 4. Nxd4 Nf6 5. Nc3 d6 6. Bc4 Bd7 7. Nxc6 Bxc6 8.
Qe2 g6 9. f4 Bg7 10. Bb3 O-O 11. O-O e6 12. f5 exf5 13. exf5 Re8 14. Qc4 d5 15.
Qh4 Ne4 16. Qxd8 Raxd8 17. Nxe4 Rxe4 18. Bg5 Rde8 19. fxg6 hxg6 20. Bf6 Bf8 21.
Rad1 Bb5 0-1

[Event "43. Open Ciutat de Badalona 2017"]
[Site "Badalona ESP"]
[Date "2017.08.09"]
[Round "8.5"]
[White "Iniyan, P."]
[Black "Gonzalez Garcia, Jose"]
[Result "1-0"]
[WhiteElo "2404"]
[BlackElo "2513"]
[PlyCount "87"]
[EventDate "2017.08.02"]
[EventType "swiss"]
[EventRounds "9"]
[EventCountry "ESP"]
[SourceTitle "Ajedrez en Madrid"]
[Source "lmi"]
[SourceDate "2017.08.02"]
[SourceVersion "1"]
[SourceVersionDate "2018.07.18"]
[SourceQuality "1"]

1. d4 d5 2. c4 dxc4 3. e3 Nf6 4. Bxc4 e6 5. Nf3 c5 6. O-O Nc6 7. Qe2 cxd4 8.
Rd1 Be7 9. exd4 O-O 10. Nc3 Na5 11. Bd3 b6 12. Bf4 Bb7 13. Rac1 Rc8 14. Ne5 Nd5
15. Bd2 Bg5 16. Qh5 h6 17. Bxg5 Qxg5 18. Qxg5 hxg5 19. Nxd5 Bxd5 20. b4 Nb7 21.
Ba6 Rxc1 22. Rxc1 Nd6 23. Rc7 Bxa2 24. Rxa7 Nf5 25. Nc6 Bd5 26. b5 Kh7 27. f3
Nd6 28. Rd7 Nc4 29. Ne7 Ba8 30. Kf2 f6 31. Nc6 Re8 32. Ke2 Na5 33. Nxa5 bxa5
34. b6 Bd5 35. b7 a4 36. Kd2 Kg6 37. Kc3 a3 38. Rc7 Rb8 39. h3 f5 40. Rc8 Rxb7
41. Bxb7 Bxb7 42. Rc5 Bd5 43. Rxd5 exd5 44. g4 1-0

[Event "43. Open Ciutat de Badalona 2017"]
[Site "Badalona ESP"]
[Date "2017.08.09"]
[Round "8.6"]
[White "Martinez Perez, Sergio"]
[Black "Fernandez, Fernando"]
[Result "0-1"]
[WhiteElo "1869"]
[BlackElo "2455"]
[PlyCount "74"]
[EventDate "2017.08.02"]
[EventType "swiss"]
[EventRounds "9"]
[EventCountry "ESP"]
[SourceTitle "Ajedrez en Madrid"]
[Source "lmi"]
[SourceDate "2017.08.02"]
[SourceVersion "1"]
[SourceVersionDate "2018.07.18"]
[SourceQuality "1"]

1. d4 Nf6 2. c4 g6 3. Nc3 Bg7 4. e4 d6 5. f3 O-O 6. Be3 c5 7. Nge2 Nc6 8. d5
Ne5 9. Ng3 e6 10. Be2 exd5 11. cxd5 a6 12. a4 Rb8 13. O-O h5 14. h3 Re8 15. f4
Ned7 16. e5 dxe5 17. f5 e4 18. Bg5 Qb6 19. Qc2 Qb4 20. Rad1 b5 21. axb5 axb5
22. fxg6 fxg6 23. d6 Re5 24. Bxf6 Nxf6 25. Rxf6 Bxf6 26. d7 Bb7 27. Rd6 Kg7 28.
Qd1 Be7 29. Nxb5 c4 30. Bxh5 Qc5+ 31. Kh1 gxh5 32. d8=Q Rxd8 33. Rxd8 Bxd8 34.
Qxd8 Qxb5 35. Qc7+ Kf8 36. Qb8+ Ke7 37. Qc7+ Ke8 0-1

[Event "43. Open Ciutat de Badalona 2017"]
[Site "Badalona ESP"]
[Date "2017.08.09"]
[Round "8.7"]
[White "Narciso Dublan, Marc"]
[Black "Karthik, Venkataraman"]
[Result "1/2-1/2"]
[WhiteElo "2467"]
[BlackElo "2316"]
[PlyCount "42"]
[EventDate "2017.08.02"]
[EventType "swiss"]
[EventRounds "9"]
[EventCountry "ESP"]
[SourceTitle "Ajedrez en Madrid"]
[Source "lmi"]
[SourceDate "2017.08.02"]
[SourceVersion "1"]
[SourceVersionDate "2018.07.18"]
[SourceQuality "1"]

1. d4 Nf6 2. Bg5 Ne4 3. Bh4 c5 4. f3 g5 5. fxe4 gxh4 6. e3 Bh6 7. Nc3 Bxe3 8.
Bc4 d5 9. Nxd5 Bxd4 10. Qh5 e6 11. Nf3 exd5 12. Bxd5 Qe7 13. Ng5 Rf8 14. Rf1
Qe5 15. c3 Bxc3+ 16. bxc3 Qxc3+ 17. Ke2 Nc6 18. Rxf7 Qb2+ 19. Ke3 Qd4+ 20. Ke2
Qb2+ 21. Ke3 Qd4+ 1/2-1/2

[Event "43. Open Ciutat de Badalona 2017"]
[Site "Badalona ESP"]
[Date "2017.08.10"]
[Round "9.1"]
[White "Fernandez, Fernando"]
[Black "Iniyan, P."]
[Result "1/2-1/2"]
[WhiteElo "2455"]
[BlackElo "2404"]
[PlyCount "75"]
[EventDate "2017.08.02"]
[EventType "swiss"]
[EventRounds "9"]
[EventCountry "ESP"]
[SourceTitle "Ajedrez en Madrid"]
[Source "lmi"]
[SourceDate "2017.08.02"]
[SourceVersion "1"]
[SourceVersionDate "2018.07.18"]
[SourceQuality "1"]

1. d4 d5 2. c4 c6 3. Nf3 Nf6 4. e3 g6 5. Nc3 Bg7 6. Be2 O-O 7. O-O b6 8. a4 a5
9. Qb3 Na6 10. cxd5 cxd5 11. Bd2 Nb4 12. Ne5 Bb7 13. Rac1 Nd7 14. f4 Nb8 15.
Nb5 N8a6 16. Bxb4 Nxb4 17. Rc7 Bxe5 18. fxe5 Ba6 19. Rfc1 Rc8 20. Rxc8 Bxc8 21.
Rc7 Bd7 22. Ra7 Bc6 23. Qc3 Re8 24. b3 Qb8 25. Rc7 Rc8 26. Rxc8+ Qxc8 27. Na7
Qd7 28. Nxc6 Qxc6 29. Qxc6 Nxc6 30. Bf3 e6 31. Kf2 Kf8 32. Ke2 Ke7 33. Kd3 Nb4+
34. Kd2 Kd7 35. e4 Ke7 36. h4 h6 37. Kc3 Kd7 38. Kd2 1/2-1/2

[Event "43. Open Ciutat de Badalona 2017"]
[Site "Badalona ESP"]
[Date "2017.08.10"]
[Round "9.3"]
[White "Grigoryan, Karen H."]
[Black "Corominas Garrido, Jordi"]
[Result "1-0"]
[WhiteElo "2570"]
[BlackElo "1848"]
[PlyCount "87"]
[EventDate "2017.08.02"]
[EventType "swiss"]
[EventRounds "9"]
[EventCountry "ESP"]
[SourceTitle "Ajedrez en Madrid"]
[Source "lmi"]
[SourceDate "2017.08.02"]
[SourceVersion "1"]
[SourceVersionDate "2018.07.18"]
[SourceQuality "1"]

1. c4 e6 2. Nf3 Nf6 3. g3 d5 4. b3 Be7 5. Bg2 O-O 6. O-O c5 7. Bb2 d4 8. b4 a5
9. bxc5 Bxc5 10. Na3 e5 11. Nb5 Re8 12. e3 Nc6 13. exd4 exd4 14. d3 Bf5 15. h3
h6 16. g4 Bh7 17. Ne1 Qe7 18. f4 Na7 19. Nxa7 Rxa7 20. Nc2 Qe2 21. f5 b6 22.
Re1 Qxd1 23. Raxd1 Rxe1+ 24. Rxe1 g6 25. Rf1 gxf5 26. gxf5 Nh5 27. Rf3 Re7 28.
Kf2 Rd7 29. h4 Rd6 30. Bh3 Kf8 31. Na3 Rd8 32. Bc1 Kg7 33. Nb5 Be7 34. Bb2 Bc5
35. a4 Kf6 36. Nc7 Rg8 37. Nd5+ Ke5 38. Bc1 Kd6 39. f6 b5 40. Ne7 Re8 41. cxb5
Nxf6 42. Nc8+ Ke5 43. Bxh6 Nd5 44. Rxf7 1-0

[Event "43. Open Ciutat de Badalona 2017"]
[Site "Badalona ESP"]
[Date "2017.08.10"]
[Round "9.4"]
[White "Krysa, Leandro"]
[Black "Diaz Camallonga, Carles"]
[Result "1-0"]
[WhiteElo "2537"]
[BlackElo "2437"]
[PlyCount "67"]
[EventDate "2017.08.02"]
[EventType "swiss"]
[EventRounds "9"]
[EventCountry "ESP"]
[SourceTitle "Ajedrez en Madrid"]
[Source "lmi"]
[SourceDate "2017.08.02"]
[SourceVersion "1"]
[SourceVersionDate "2018.07.18"]
[SourceQuality "1"]

1. d4 e6 2. c4 Nf6 3. Nc3 Bb4 4. Qc2 b6 5. e4 c5 6. d5 Qe7 7. Nge2 exd5 8. exd5
Ne4 9. Bf4 Bxc3+ 10. bxc3 O-O 11. f3 Nd6 12. O-O-O Ba6 13. Ng3 Bxc4 14. Nh5 g6
15. Bxd6 Qxd6 16. Bxc4 gxh5 17. Qd2 a6 18. g4 b5 19. gxh5 Qf6 20. Bd3 d6 21.
Rhg1+ Kh8 22. h6 Nd7 23. Rg7 Ne5 24. Rxh7+ Kg8 25. Rg1+ Ng6 26. Rg7+ Kh8 27.
Bxg6 fxg6 28. R7xg6 Qxf3 29. h7 Qh3 30. R6g3 Qxh7 31. c4 Rf6 32. Qc3 Qh6+ 33.
Kb1 b4 34. Qxf6+ 1-0

[Event "43. Open Ciutat de Badalona 2017"]
[Site "Badalona ESP"]
[Date "2017.08.10"]
[Round "9.5"]
[White "Albo Ruiz, Jose Martin"]
[Black "Salinas Herrera, Pablo"]
[Result "1-0"]
[WhiteElo "1884"]
[BlackElo "2411"]
[PlyCount "79"]
[EventDate "2017.08.02"]
[EventType "swiss"]
[EventRounds "9"]
[EventCountry "ESP"]
[SourceTitle "Ajedrez en Madrid"]
[Source "lmi"]
[SourceDate "2017.08.02"]
[SourceVersion "1"]
[SourceVersionDate "2018.07.18"]
[SourceQuality "1"]

1. e4 c5 2. Nf3 d6 3. c3 Nf6 4. h3 b6 5. Bb5+ Bd7 6. Bd3 Bc6 7. Qe2 Nbd7 8. Bc2
Qc7 9. O-O Ne5 10. d4 Nxf3+ 11. Qxf3 e5 12. dxe5 dxe5 13. c4 Bd6 14. Nc3 O-O
15. Bg5 Ne8 16. Ba4 Bxa4 17. Nxa4 f6 18. Be3 Qf7 19. b3 Nc7 20. Nc3 Ne6 21. Nd5
Rae8 22. Qd1 Bc7 23. Qd3 Bd8 24. a3 Qg6 25. b4 f5 26. f3 Bg5 27. exf5 Rxf5 28.
Bxg5 Nxg5 29. Kh2 e4 30. fxe4 Rxf1 31. Rxf1 Qxe4 32. Qg3 Qxc4 33. Ne7+ Kh8 34.
Re1 Qf7 35. Qxg5 h6 36. Qe5 Kh7 37. bxc5 bxc5 38. Qxc5 a5 39. Qe5 a4 40. Re3
1-0

[Event "43. Open Ciutat de Badalona 2017"]
[Site "Badalona ESP"]
[Date "2017.08.10"]
[Round "9.6"]
[White "Grafl, Florian"]
[Black "Narciso Dublan, Marc"]
[Result "0-1"]
[WhiteElo "2364"]
[BlackElo "2467"]
[PlyCount "30"]
[EventDate "2017.08.02"]
[EventType "swiss"]
[EventRounds "9"]
[EventCountry "ESP"]
[SourceTitle "Ajedrez en Madrid"]
[Source "lmi"]
[SourceDate "2017.08.02"]
[SourceVersion "1"]
[SourceVersionDate "2018.07.18"]
[SourceQuality "1"]

1. b3 e5 2. Bb2 Nc6 3. e3 Nf6 4. Bb5 Bd6 5. Na3 Na5 6. Nf3 Qe7 7. Nb1 O-O 8. d4
exd4 9. Nxd4 Be5 10. Qd2 c5 11. Qxa5 cxd4 12. Be2 Re8 13. Na3 b6 14. Qb5 a6 15.
Qxb6 d3 0-1

[Event "43. Open Ciutat de Badalona 2017"]
[Site "Badalona ESP"]
[Date "2017.08.10"]
[Round "9.7"]
[White "Arjun, Kalyan"]
[Black "Ortiz Suarez, Isan Reynaldo"]
[Result "1/2-1/2"]
[WhiteElo "2366"]
[BlackElo "2556"]
[PlyCount "170"]
[EventDate "2017.08.02"]
[EventType "swiss"]
[EventRounds "9"]
[EventCountry "ESP"]
[SourceTitle "Ajedrez en Madrid"]
[Source "lmi"]
[SourceDate "2017.08.02"]
[SourceVersion "1"]
[SourceVersionDate "2018.07.18"]
[SourceQuality "1"]

1. e4 c5 2. Nf3 e6 3. d4 cxd4 4. Nxd4 Nc6 5. Nc3 Qc7 6. Be2 a6 7. Be3 Nf6 8.
O-O Be7 9. f4 d6 10. Qe1 O-O 11. Qg3 Nxd4 12. Bxd4 b5 13. a3 Bb7 14. Kh1 Rad8
15. Rae1 Qd7 16. Rd1 Bc6 17. e5 Ne8 18. Bd3 f5 19. exf6 Bxf6 20. Be4 d5 21.
Bxf6 Rxf6 22. Bd3 Nd6 23. Ne2 Qc8 24. Nd4 Be8 25. Rde1 Bg6 26. Re5 Rdf8 27. Qe3
Be4 28. Bxe4 Nxe4 29. g3 g5 30. c3 Kh8 31. Rf3 gxf4 32. Rxf4 Rxf4 33. gxf4 Qc4
34. Ne2 Rf6 35. Kg2 Qb3 36. Qc1 Kg8 37. Ng3 Nd6 38. Rg5+ Kf7 39. Qd2 Qc4 40.
Qe3 Qxf4 41. Rg7+ Kf8 42. Qxf4 Rxf4 43. Rxh7 Nc4 44. Ra7 Nxb2 45. Rxa6 Ke7 46.
Rb6 Na4 47. Rxb5 Nxc3 48. Rb4 d4 49. a4 Nd5 50. Rb3 Ne3+ 51. Kg1 Rf8 52. a5 Ra8
53. Ra3 Nc4 54. Ra4 d3 55. Ne4 d2 56. Nc3 Rc8 57. Nd1 Nxa5 58. Rxa5 Rc1 59. Kf2
Rxd1 60. Ke2 Rh1 61. Kxd2 Rxh2+ 62. Ke3 Kf6 63. Rb5 Rh3+ 64. Ke4 Rh1 65. Ra5
Re1+ 66. Kf3 e5 67. Kf2 Rb1 68. Ke3 Kf5 69. Ra4 Rb3+ 70. Ke2 Rh3 71. Rb4 Ra3
72. Rc4 Ke6 73. Rb4 Kd5 74. Rh4 Ke6 75. Rb4 Kf5 76. Rc4 Ra2+ 77. Ke3 Ra1 78.
Rb4 Ra5 79. Ke2 e4 80. Rb8 Ra2+ 81. Ke3 Ra3+ 82. Ke2 Ke5 83. Re8+ Kf4 84. Rf8+
Ke5 85. Re8+ Kf4 1/2-1/2

[Event "43. Open Ciutat de Badalona 2017"]
[Site "Badalona ESP"]
[Date "2017.08.10"]
[Round "9.8"]
[White "Gukesh, D."]
[Black "Peralta, Fernando"]
[Result "0-1"]
[WhiteElo "2365"]
[BlackElo "2540"]
[PlyCount "160"]
[EventDate "2017.08.02"]
[EventType "swiss"]
[EventRounds "9"]
[EventCountry "ESP"]
[SourceTitle "Ajedrez en Madrid"]
[Source "lmi"]
[SourceDate "2017.08.02"]
[SourceVersion "1"]
[SourceVersionDate "2018.07.18"]
[SourceQuality "1"]

1. Nf3 d6 2. d4 g6 3. g3 Bg7 4. Bg2 Nd7 5. O-O e5 6. c4 Ne7 7. Nc3 O-O 8. e4
exd4 9. Nxd4 Nc6 10. Nde2 a5 11. Be3 Nc5 12. b3 a4 13. Rb1 axb3 14. axb3 f5 15.
b4 Nxe4 16. Nxe4 fxe4 17. Bxe4 Bd7 18. Bd5+ Kh8 19. Rb3 Bg4 20. f3 Ra1 21. Nc1
Bh3 22. Re1 Qf6 23. Kh1 Nd4 24. Bxd4 Qxd4 25. Qxd4 Bxd4 26. Bxb7 Bf2 27. Rd1
Bf5 28. Be4 Bxe4 29. fxe4 Re8 30. Rf3 Bb6 31. Re1 Bd4 32. Kg2 Rb1 33. Nd3 Rxe1
34. Nxe1 Rxe4 35. Rf4 Rxe1 36. Rxd4 Re2+ 37. Kh3 Kg8 38. c5 dxc5 39. bxc5 Re5
40. Rc4 Kf7 41. Kg4 Ke6 42. Rc2 Kd5 43. h4 h5+ 44. Kf3 Kc6 45. g4 Rxc5 46. Re2
Rc3+ 47. Kf2 Kd6 48. gxh5 gxh5 49. Re4 c5 50. Ke2 Kd5 51. Rf4 Ke5 52. Ra4 Rh3
53. Kd2 Kd5 54. Rf4 Ke5 55. Ra4 Kd5 56. Rf4 Kc6 57. Kc2 Kb5 58. Re4 Rh1 59. Rf4
Rh2+ 60. Kc3 Rh3+ 61. Kc2 Kb6 62. Rf6+ Kb5 63. Rf4 c4 64. Rf5+ Kb4 65. Rxh5
Rh2+ 66. Kb1 Kb3 67. Rb5+ Kc3 68. Rc5 Rxh4 69. Rc8 Rh1+ 70. Ka2 Rc1 71. Rc7 Kd2
72. Rh7 Re1 73. Rh2+ Re2 74. Rh1 Kc2 75. Ka3 c3 76. Rg1 Kd2 77. Ka2 Kd3+ 78.
Ka3 Re3 79. Rg2 Re2 80. Rg3+ Kd2 0-1

[Event "43. Open Ciutat de Badalona 2017"]
[Site "Badalona ESP"]
[Date "2017.08.10"]
[Round "9.9"]
[White "Karthik, Venkataraman"]
[Black "Minguell Soler, Joan"]
[Result "0-1"]
[WhiteElo "2316"]
[BlackElo "1987"]
[PlyCount "96"]
[EventDate "2017.08.02"]
[EventType "swiss"]
[EventRounds "9"]
[EventCountry "ESP"]
[SourceTitle "Ajedrez en Madrid"]
[Source "lmi"]
[SourceDate "2017.08.02"]
[SourceVersion "1"]
[SourceVersionDate "2018.07.18"]
[SourceQuality "1"]

1. e4 c5 2. Nf3 Nc6 3. d4 cxd4 4. Nxd4 e6 5. Nb5 d6 6. Bf4 e5 7. Be3 Nf6 8. Bg5
Be6 9. Nd2 Rc8 10. Bxf6 gxf6 11. Nc4 d5 12. exd5 Bxd5 13. c3 Bxc4 14. Bxc4
Qxd1+ 15. Rxd1 a6 16. Nd6+ Bxd6 17. Rxd6 Ke7 18. Rd1 Na5 19. Bd5 Nc4 20. b3 Nd6
21. c4 b5 22. Rc1 bxc4 23. bxc4 Rc5 24. Ke2 Rhc8 25. Kd3 f5 26. Rhe1 Kf6 27. g3
Ra5 28. Rb1 e4+ 29. Kd4 Rxa2 30. Rb6 Rd2+ 31. Ke3 Rd3+ 32. Ke2 Ke7 33. Rxa6
Nxc4 34. Ra7+ Kf6 35. Bxf7 Rd2+ 36. Kf1 Ne5 37. Ra2 Nf3 38. Rxd2 Nxd2+ 39. Ke2
Nf3 40. Bh5 Rc2+ 41. Kf1 Nxe1 42. Kxe1 Ke5 43. Kf1 Kd4 44. Bf7 Ke5 45. Bh5 f4
46. gxf4+ Kxf4 47. Ke1 e3 48. h3 exf2+ 0-1

[Event "43. Open Ciutat de Badalona 2017"]
[Site "Badalona ESP"]
[Date "2017.08.10"]
[Round "9.10"]
[White "Gonzalez Garcia, Jose"]
[Black "Martinez Perez, Sergio"]
[Result "1/2-1/2"]
[WhiteElo "2513"]
[BlackElo "1869"]
[PlyCount "26"]
[EventDate "2017.08.02"]
[EventType "swiss"]
[EventRounds "9"]
[EventCountry "ESP"]
[SourceTitle "Ajedrez en Madrid"]
[Source "lmi"]
[SourceDate "2017.08.02"]
[SourceVersion "1"]
[SourceVersionDate "2018.07.18"]
[SourceQuality "1"]

1. d4 d5 2. c4 c6 3. Nf3 Nf6 4. e3 e6 5. b3 Nbd7 6. Bb2 Be7 7. Bd3 b6 8. O-O
Bb7 9. Nc3 O-O 10. Qc2 c5 11. cxd5 exd5 12. Rad1 Rc8 13. Bf5 g6 1/2-1/2